| 000 | 00634nam a22001577a 4500 | ||
|---|---|---|---|
| 003 | OSt | ||
| 005 | 20151002104718.0 | ||
| 008 | 151002b xxu||||| |||| 00| 0 eng d | ||
| 040 | _cRUA | ||
| 082 | _aAVM សេន 1989 B065 Or.1 | ||
| 100 |
_91735 _aសេន សុវណ្ណ |
||
| 245 | _aភាពរួស នៃ មេរោគកូលីបាក់តេរីយ៉ូស(e-coli) ចំពោះបណ្តាអង់ទីប៊ីយ៉ូទិក និង ស៊ុលហ្វានីឡាមីដមួយចំនួន | ||
| 260 |
_aPhnom Penh _bRUA _c1989 |
||
| 300 |
_a89p. _bill. _c29cm. |
||
| 942 |
_2ddc _cAVM |
||
| 999 |
_c1636 _d1636 |
||